Responses for show #7268 - Wednesday, March 30, 2016

Contestants

Bill Burns, a management consultant from Carrollton, Texas

Megan Selva, a content manager from Woodbridge, Virginia

Todd Giese, a hotel front desk manager from New Orleans, Louisiana (whose 1-day cash winnings total $31,601)

Jeopardy! Round responses

HIGHWAYS & BYWAYS
WORD ORIGINS
TASTY ADS & JINGLES
HISTORIC DOCUMENTS
DEALER'S CHOICE
"LITTLE" MOVIES
    $200 4
the Mississippi

Megan
    $200 1
an ultimatum

Megan
    $200 20
KFC

Bill
    $200 25
the Church of England

Megan
    $200 30
X-Rays

Todd
    $200 17
The Little Mermaid

Bill
    $400 6
(Megan: What is Rome?)

Jerusalem

MeganBill
    $400 11
Dr. Seuss

Todd
    $400 3
Subway

Bill
    $400 21
the United Nations

Bill
    $400 29
the University of Hawaii

Todd
    $400 16
The Little Prince

Megan
    $600 7
Broadway

Triple Stumper
    $600 12
(Alex: The word is "[*]". Vestigium--foot.)

investigation

Triple Stumper
    $600 14
Grey Poupon

Todd
    $600 22
Schindler's list

Todd
    $600 26
(Megan: What is Jamaica?)

Haiti

MeganBill
    $600 2
Little Miss Sunshine

Todd
    $800 8
(Alex: Opened the [*].)

Indianapolis (Motor) Speedway

Triple Stumper
    $800 13
(Megan: What is a Plutarch?)
(Alex: No.)
(Megan: or the [*].)
(Alex: No. Bill?)
(Bill: What is a [*]?)
(Alex: Yes. Megan, you understand that I ruled against you, so you could not then change your response. You helped Bill out, but I have a feeling he knew [*].)

plutocrat

MeganBill
    $800 15
Sprite

Megan
    $2,200 23
the Hammurabi code

Todd
    $800 27
(Albert) Einstein

Bill
    $800 5
Little Caesar

Bill
    $1000 9
(Todd: what is Appenine Way?)
(Megan: What is [*]?)
(Alex: Yes, not Appenine.)

the Appian Way

ToddMegan
    $1000 18
(Megan: What are the Puritans?)
(Alex: Not the Puritans but [*].)

the Pilgrims

Megan
Triple Stumper
    $1000 19
(Alex: Good stuff.)

Frank's RedHot

Triple Stumper
    $1000 24
(Todd: What is the North Atlantic treaty?)
(Alex: It was called the [*], not North Atlantic. [*].)

Atlantic Charter

Todd
Triple Stumper
    $1000 28
background

Triple Stumper
    $1000 10
(Bill: What is The Children's Hour?)
(Todd: What is [*]?)
(Alex: That's it. Remember, "little" has to come up in the correct response.)

The Little Foxes

ToddBill

Scores at the first commercial break (after clue 15):

Todd Megan Bill
$1,600 $1,000 $1,400

Scores at the end of the Jeopardy! Round:

Todd Megan Bill
$4,000 $0 $3,600

Double Jeopardy! Round responses

SENSORY LIT
2 FIRST NAMES?
INVENTION & INNOVATION
VIDEO GAMES
CHURCHES & CATHEDRALS
AFTER IMAGE
(Alex: Each correct response will be a word that begins with "I-M", but comes after the word "image" in the dictionary.)
    $400 10
Treasure Island

Todd
    $400 15
(Megan: Who is Stevens?)
(Todd: Who is Thomas? [*].)
(Alex: That's it. Two first names, now. Remember, we want two of them.)

Clarence Thomas

ToddMegan
    $400 5
(Todd: What is the automatic transition? Transit-- [*].)

automatic transmission

Todd
    $400 1
Candy Crush

Megan
    $400 26
(Todd: What is Nazareth?)

Bethlehem

ToddMegan
    $400 21
IMAX

Todd
    $800 11
(Megan: What is What the Deaf Man Heard?)

The Heart is a Lonely Hunter

ToddMegan
    $3,000 16
(Alex: You got them both. Yes. And a big lead for you now.)

Martin Luther and John Calvin

Todd
    $800 6
Java

Bill
    $800 2
the Millipede

Todd
    $800 28
(Todd: What is Greece?)

Norway

ToddMegan
    $800 22
imbibe

Megan
    $1200 12
White Noise

Todd
    $1200 17
(Sir) Patrick Stewart

Megan
    $1200 7
Niagara Falls

Megan
    $2,000 3
(Todd: What is Galleon?)
(Alex: No. What is [*]. Very popular game. So you drop a little. You're in second place now, but select again.)

Minesweeper

Todd
    $1200 27
(Megan: What is Vienna?)

Salzburg

ToddMegan
    $1200 23
imam

Megan
    $1600 13
(Tennessee) Williams

Todd
    $1600 18
Stephen Douglas

Megan
    $1600 9
(King) Gillette

Todd
    $1600 4
Duck Hunt

Bill
    $1600 29
Florence

Megan
    $1600 24
imbroglio

Megan
    $2000 14
Joe McGinniss

Triple Stumper
    $2000 19
Walter Scott

Megan
    $2000 20
(Benjamin) Franklin

Todd
    $2000 8
(Megan: What is Rainbow Six?)

Splinter Cell

Megan
Triple Stumper
    $2000 30
St. Mark's

Megan
    $2000 25
Imhotep

Todd

Scores at the end of the Double Jeopardy! Round:

Todd Megan Bill
$16,600 $10,400 $6,000

[wagering suggestions for these scores]

Final Jeopardy! Round responses

OBITUARIES
(Alex: Is this a gloomy subject, or what?)
(Alex: Famous for non sequiturs like, "Baseball is 90% mental, the other half is physical.")
...
(Alex: [*], the immortal.)
BillWho is Yogi Berra?
$1,500
MeganWho is ?
$10,399
ToddWho is Yogi Berra?
$4,201
Yogi Berra

Final scores:

Todd Megan Bill
$20,801 $1 $7,500
2-day champion: $52,402 3rd place: $1,000 2nd place: $2,000

Game dynamics:

Coryat scores:

Todd Megan Bill
$15,000 $10,400 $6,000
21 R
(including 2 DDs),
5 W
(including 1 DD)
18 R,
8 W
11 R,
1 W

Combined Coryat: $31,400

The J! Archive is created by fans, for fans. The Jeopardy! game show and all elements thereof, including but not limited to copyright and trademark thereto, are the property of Jeopardy Productions, Inc. and are protected under law. This website is not affiliated with, sponsored by, or operated by Jeopardy Productions, Inc. Join the discussion at JBoard.tv.